Like I do - Tate McRae Lyrics - Statistics

General Stats
  • This quiz has been taken 61 times
  • The average score is 327 of 386
Answer Stats
Answer % Correct
do
100%
I
100%
know
100%
you
100%
don't
98%
me
98%
wanna
98%
what
98%
when
98%
just
95%
to
95%
and
93%
be
93%
try
91%
go
89%
Say
89%
say
89%
ahead
86%
all
82%
at
82%
like
82%
think
82%
should
80%
your
80%
baby
77%
my
77%
oh
77%
the
77%
been
73%
but
73%
got
73%
on
70%
times
70%
trust
70%
in
68%
not
68%
read
68%
ten
68%
you're
68%
tryna
66%
so
64%
tell
64%
about
61%
can't
61%
clothes
61%
down
61%
even
61%
fingers
61%
get
61%
I'm
61%
man
61%
out
61%
they
61%
we
61%
'bout
59%
downfall
59%
friends
59%
from
59%
fuck
59%
if
59%
kiss
59%
life
59%
more
59%
neck
59%
this
59%
away
57%
ever
57%
find
57%
gon'
57%
or
57%
own
57%
prayin'
57%
'round
57%
that
57%
also
55%
kill
55%
than
55%
never
52%
weird
52%
were
52%
with
52%
feeling
50%
talkin'
50%
flattered
48%
plans
48%
stomach
48%
faces
45%
many
45%
ones
45%
places
45%
sometimes
45%
switch
45%
ain't
43%
it's
43%
thought
43%
composed
41%
public
41%
seen
41%
shit
41%
started
34%
eyein'
32%
insufferable
30%
paint
27%
nah
25%
mw
9%
No matching quizzes found
Score Distribution
Percent of People with Each Score
Percentile by Number Answered
Your Score History
You have not taken this quiz